Online Catalogue and eLibrary

Men and Women in Interaction (Record no. 1997)

MARC details
000 -LEADER
fixed length control field 00450nam a2200169Ia 4500
005 - DATE AND TIME OF LATEST TRANSACTION
control field 20250108022951.0
008 - FIXED-LENGTH DATA ELEMENTS--GENERAL INFORMATION
fixed length control field 240331s9999 xx 000 0 und d
020 ## - INTERNATIONAL STANDARD BOOK NUMBER
ISBN 0195103580
082 ## - DDC Classification
Item Number - Author Mark ELI
DDC Edition Number 5775
Class No. 305.3
100 ## - MAIN ENTRY--PERSONAL NAME
Personal name Aries, E
245 #0 - TITLE STATEMENT
Title Men and Women in Interaction
Remainder of title Reconsidering the Differences
260 ## - PUBLICATION, DISTRIBUTION, ETC.
Place of publication, distribution, etc. New York
Name of publisher, distributor, etc. Oxford University Press, Inc.
Date of publication, distribution, etc. 1996
300 ## - PHYSICAL DESCRIPTION
Extent (e.g. Volumes, Pages etc.) xiv, 286 p.,
650 ## - SUBJECT ADDED ENTRY--TOPICAL TERM
Topical term or geographic name entry element Women
650 ## - SUBJECT ADDED ENTRY--TOPICAL TERM
Topical term or geographic name entry element Gender
942 ## - Koha item type (Biblio)
Koha item type Books in Stacks (Lending)
Holdings
Lost status Damaged status Collection code Home library Current library Shelving location Date acquired Full call number Accession Number Item type
    Lending WERC Library WERC Library Social Science Cupboard 03/31/2024 305.3 ARI 5775 Books in Stacks (Lending)

© WERC Library